Introducción a la historia de españa y América Latina presentaciones de temas seleccionados

Na minha lista:
Detalhes bibliográficos
Autor Corporativo: European Commission
Outros Autores: Paľková, Jana, Vincová, Monika
Formato: Livro
Idioma:espanhol
Publicado em: Bratislava Editorial EKONÓM 2006
Assuntos:
Tags: Adicionar Tag
Sem tags, seja o primeiro a adicionar uma tag!

MARC

LEADER 00000nam$a2200000$$$4500
001 0056059
005 20240502071634.2
020 |a 80-225-2261-9 
041 0 |a spa 
044 |a SK 
245 1 0 |a Introducción a la historia de españa y América Latina  |b presentaciones de temas seleccionados  |c editoras: Jana Paľková, Monika Vincová 
264 1 |a Bratislava  |b Editorial EKONÓM  |c 2006 
300 |a 89 s. 
610 2 0 |a dejiny 
610 2 0 |a Latinská Amerika 
610 2 0 |a integrácia sociálna 
610 2 0 |a Španielsko 
610 2 0 |a obyvateľstvo 
700 1 |a Paľková, Jana 
700 1 |a Vincová, Monika 
710 2 |a European Commission